NBA Western Conference Finals Losers - Statistics

General Stats
  • This quiz has been taken 125 times
    17 since last reset
  • The average score is 28 of 55
Answer Stats
Year Team % Correct
2025 Minnesota Timberwolves
100%
2024 Minnesota Timberwolves
100%
2023 Los Angeles Lakers
92%
2022 Dallas Mavericks
77%
2020 Denver Nuggets
77%
2018 Houston Rockets
69%
2015 Houston Rockets
69%
2021 Los Angeles Clippers
69%
2014 Oklahoma City Thunder
69%
2011 Oklahoma City Thunder
69%
2019 Portland Trail Blazers
69%
2008 San Antonio Spurs
69%
2009 Denver Nuggets
62%
1997 Houston Rockets
62%
2013 Memphis Grizzlies
62%
2016 Oklahoma City Thunder
62%
2000 Portland Trail Blazers
62%
2017 San Antonio Spurs
62%
2012 San Antonio Spurs
62%
2001 San Antonio Spurs
62%
2003 Dallas Mavericks
54%
1998 Los Angeles Lakers
54%
1986 Los Angeles Lakers
54%
2004 Minnesota Timberwolves
54%
2010 Phoenix Suns
54%
2006 Phoenix Suns
54%
2005 Phoenix Suns
54%
2002 Sacramento Kings
54%
1993 Seattle SuperSonics
54%
1996 Utah Jazz
54%
1994 Utah Jazz
54%
1992 Utah Jazz
54%
1977 Los Angeles Lakers
46%
1999 Portland Trail Blazers
46%
1995 San Antonio Spurs
46%
2007 Utah Jazz
46%
1971 Los Angeles Lakers
38%
1990 Phoenix Suns
38%
1989 Phoenix Suns
38%
1979 Phoenix Suns
38%
1991 Portland Trail Blazers
38%
1980 Seattle SuperSonics
38%
1988 Dallas Mavericks
31%
1972 Milwaukee Bucks
31%
1984 Phoenix Suns
31%
1983 San Antonio Spurs
31%
1982 San Antonio Spurs
31%
1987 Seattle SuperSonics
31%
1985 Denver Nuggets
23%
1978 Denver Nuggets
23%
1976 Golden State Warriors
23%
1973 Golden State Warriors
23%
1975 Chicago Bulls
15%
1974 Chicago Bulls
15%
1981 Kansas City Kings
15%
No matching quizzes found
Score Distribution
Percent of People with Each Score
Percentile by Number Answered
Your Score History
You have not taken this quiz since the last reset